000 00630nam a2200193Ia 4500
003 GCL
008 140319s9999 xx 000 0 ara d
040 _aGCL /
_cGCL
082 0 4 _a818.03
_bم ر
100 1 _aمحمد السوادى
245 1 0 _aالرجل الذى تأمرت عليه /
_cمحمد السوادى
300 _a395 ص
490 _aالهيئة العامة للاستعلامات
_v0
650 0 4 _aالناصرية
650 0 4 _aجمال عبدالناصر
650 0 4 _aمصر - تاريخ - العصر الحديث (1805 - 1956 )
650 0 4 _aمصر - رؤساء الجمهورية
942 _2ddc
_cBK
999 _c50476
_d50476